Costs rise but labour prices remain static (Record no. 77335)

MARC details
000 -LEADER
fixed length control field 00890cab a2200193 4500
001 - CONTROL NUMBER
control field ##L134029
008 - FIXED-LENGTH DATA ELEMENTS--GENERAL INFORMATION
fixed length control field 060704n2006 000 0 eng u
035 ## - SYSTEM CONTROL NUMBER
System control number (Sirsi) u134029
041 0# - LANGUAGE CODE
Language code of text/sound track or separate title eng
245 00 - TITLE STATEMENT
Title Costs rise but labour prices remain static
260 ## - PUBLICATION, DISTRIBUTION, ETC.
Date of publication, distribution, etc. 2006
490 #0 - SERIES STATEMENT
Series statement Construction News
Volume/sequential designation (6973) 29 June 2006, 17(1)
520 ## - SUMMARY, ETC.
Summary, etc. Figures from the EC Harris/"Construction News" Contractors Input Cost Index show that input costs in the year to June 2006 rose by 2.2%, although there was a slight fall over the last quarter. Labour rates were up 2.7% on the previous year and materials prices up 2.1%. Graphs and table provide mean prices for labour and materials across UK regions.
590 ## - LOCAL NOTE (RLIN)
Local note IKA040706
650 24 - SUBJECT ADDED ENTRY--TOPICAL TERM
Topical term or geographic name entry element EC HARRIS CONSTRUCTION NEWS CONTRACTORS INPUT COST INDEX
651 #4 - SUBJECT ADDED ENTRY--GEOGRAPHIC NAME
Geographic name United Kingdom
Chronological subdivision
690 ## - LOCAL SUBJECT ADDED ENTRY--TOPICAL TERM (OCLC, RLIN)
Topical term or geographic name as entry element BUILT ENVIRONMENT-BUILDING COSTS
942 ## - ADDED ENTRY ELEMENTS (KOHA)
Suppress in OPAC 0
Holdings
Withdrawn status Lost status Source of classification or shelving scheme Damaged status Not for loan Home library Current library Shelving location Date acquired Total Checkouts Full call number Barcode Date last seen Copy number Price effective from Koha item type
    Dewey Decimal Classification     London London Journal article 04/07/2006   L134029 134029-1001 06/08/2019 1 06/08/2019 Journal article